| 000 | 01845nam0a2200361 4500 | ||
|---|---|---|---|
| 001 | RU\NLR\BIBL_A\012671015 | ||
| 005 | 20220330135503.0 | ||
| 010 |
_a978-5-907463-12-7 _9220 |
||
| 021 |
_aRU _bКН-П-21-055608 _9КН-П-21-4350 |
||
| 035 | _a(NLR Aleph) 012671015 | ||
| 090 |
_a12784886 _c12784886 |
||
| 100 | _a20211220d2021 u y0rusy50 ca | ||
| 101 | 0 | _arus | |
| 102 | _aRU | ||
| 105 | _aac z 010zy | ||
| 181 | 0 |
_ai3 _baxxe |
|
| 182 | 0 | _an | |
| 200 | 1 |
_aИстория Крестовоздвиженского храма села Марчуги. Воскресенский край Подмосковья _e570 лет Марчуговскому приходу _fпротоиерей Алексий Крылов _gредактор: Виктор Иванович Лысенков _gхудожник: Николай Иванович Башмаков |
|
| 203 |
_aТекст _bвизуальный _cнепосредственный |
||
| 210 |
_aВоскресенск _cСеребро Слов _d2021 |
||
| 215 |
_a297 с. _cил., цв. ил., портр. _d22 |
||
| 320 | _aБиблиогр.: с. 282-297 | ||
| 601 | 0 | 2 |
_aХрам Воздвижения Креста Господня _cМарчуги, село; Московская область _92415644 _3RU\NLR\AUTH\6601657863 |
| 686 | 2 | _aЭ372.24-655.12 | |
| 700 | 1 |
_7ca _8rus _aКрылов _bА. З. _cсвященнослужитель _f1950- _gАлексий Захарович _9203949 _3RU\NLR\AUTH\770204000 |
|
| 712 | 0 | 2 |
_4570 _aХрам Воздвижения Креста Господня _cс. Марчуги, Московская обл. _9653066 _3RU\NLR\AUTH\880496576 |
| 942 | _cBOOK | ||
| 980 | _aNB | ||